| 000 | 00517nam a22001817a 4500 | ||
|---|---|---|---|
| 005 | 20251108171849.0 | ||
| 008 | 250721s1980 xx 000 0 ara d | ||
| 082 | 1 | 4 | _aط/599/عال |
| 100 | 1 |
_aنابلسي، هالة _eترجمة |
|
| 245 | 1 | 0 |
_aعالم البراري : _bالنمر / |
| 264 | 1 |
_aبيروت : _bدار المسيرة، _c1980. |
|
| 300 | _a22ص : مص | ||
| 490 | 0 | _aالمكتشف الصغير | |
| 650 | 1 | 7 | _aالبراري |
| 650 | 1 | 7 | _aالنمور |
| 942 |
_2ddc _cBK |
||
| 999 |
_c64560 _d64560 |
||